L'islam nella globalizzazione
Na minha lista:
| Autor principal: | |
|---|---|
| Formato: | Livro |
| Idioma: | Língua italiana |
| Publicado em: |
Bolonia
EMI
2004
|
| Edição: | 1a. ed |
| Colecção: | Religioni in Dialogo
|
| Assuntos: | |
| Tags: |
Adicionar Tag
Sem tags, seja o primeiro a adicionar uma tag!
|
MARC
| LEADER | 00000nam a2200000 a 4500 | ||
|---|---|---|---|
| 001 | UCK9405 | ||
| 003 | CL-VaPUC | ||
| 008 | 060512e20040000IT |||||||||||||||||ita|d | ||
| 020 | |a 8830712574 | ||
| 082 | 0 | 4 | |a 297.09 |b SCA |2 21 |
| 100 | 0 | |a Scattolin, Giuseppe |e author |9 499173 | |
| 245 | 1 | 2 | |a L'islam nella globalizzazione |
| 250 | |a 1a. ed | ||
| 300 | |a 171 p | ||
| 942 | |c BK | ||
| 945 | |d 20060512 00:00:00 |a cmena | ||
| 260 | |a Bolonia |b EMI |c 2004 | ||
| 650 | 0 | |a Islamismo |9 314084 | |
| 650 | 0 | |a Cambio social |9 256857 | |
| 650 | 0 | |a Globalización |9 361930 | |
| 650 | 0 | |a Terrorismo |9 255070 | |
| 650 | 0 | |a Problemas sociales |9 258537 | |
| 583 | |a last modification |c 20060512 00:00:00 |k Rodrigo Vera | ||
| 490 | 0 | |a Religioni in Dialogo | |
| 999 | |c 316612 |d 316610 | ||
| 952 | |0 0 |1 0 |4 0 |6 297_090000000000000_SCA_2004 |7 0 |8 DER_HDC |9 391148 |a BIBDER |b BIBDER |d 2019-11-22 |i 4227093 |o 297.09 SCA 2004 |p 4227093 |r 2023-01-25 |w 2019-11-22 |x Ubicación 4to Piso |y BK |z Estos recursos deben solicitarse con anticipación |k DER | ||